Rajnandgaon riyasat me mazdoor andolan: Ek atihasik anusilan 1919-1947 (Record no. 18893)

MARC details
000 -LEADER
fixed length control field 00298nam a2200121Ia 4500
082 ## - DEWEY DECIMAL CLASSIFICATION NUMBER
Classification number TS.0872
100 ## - MAIN ENTRY--AUTHOR NAME
Personal name Soni, Jyoti
245 #0 - TITLE STATEMENT
Title Rajnandgaon riyasat me mazdoor andolan: Ek atihasik anusilan 1919-1947
250 ## - EDITION STATEMENT
Edition statement Pt. Ravi Shankar Shu
260 ## - PUBLICATION, DISTRIBUTION, ETC. (IMPRINT)
Year of publication 1996
300 ## - PHYSICAL DESCRIPTION
Number of Pages 252p.
942 ## - ADDED ENTRY ELEMENTS (KOHA)
Koha item type Books
Source of classification or shelving scheme Dewey Decimal Classification
Holdings
Withdrawn status Lost status Damaged status Not for loan Home library Current library Date acquired Bill Date Full call number Accession Number Price effective from Koha item type
        NASSDOC Library NASSDOC Library 08/10/2004 2004-10-05 TS.0872 36699 18/04/2019 Books